00600 2200193 4500001002100000005001500021035002000036007000300056008004100059020002200100082001000122084001600132100001700148245012600165260004600291300003400337650001500371990002000386INLIS00000000000300020260512080435 a0010-0526000091ta260512 e 0 ind  a978-623-515-431-2 a658.1 a658.1 NUG b1 aNugraha, Ade1 aBudaya & Perilaku Organisasi :bMemahami Dinamika Organisasi, Kepemimpinan, dan Proses Manajemen Konflik dalam Organisasi aYogyakarta :bAnak Hebat Indonesia,c2025 axii + 244 hlm. ;c14 x 20 cm. 4aOrganisasi a20260514.05.001